000
00338nam a2200133Ia 4500
008
100328s9999 xx 000 0 und d
082
_b
26660
100
_a
सावंत वसंत
245
_a
उगवाई
260
_b
पॅाप्युलर
630
_a
उगवाई
730
_a
उगवाई
942
_c
BOOK
999
_c
518949
_d
518946